000 00399pab a2200157 454500
008 180718b2007 xxu||||| |||| 00| 0 eng d
100 _aLeigh, Andrew
245 _aHow closely do top income shares track other measures of inequality?
260 _c2007
300 _ap.F619-33.
362 _aNov
650 _aIncome distribution
773 _aEconomic Journal
908 _aN
909 _a77557
999 _c77557
_d77557